000 00639cam a2200229 a 4500
001 000008021
005 20200929154409.0
008 791126s1994 sp 000 f spa
020 _a8423309894
040 _aDO-SdBNP
_dBNPHU
082 _a863.64
_bL167n, 1994
100 1 _aLaforet, Carmen,
_d1921-2004
_921918
245 1 0 _aNada /
_cCarmen Laforet.
250 _a19a ed.
260 _aBarcelona :
_bDestino,
_c1994.
300 _a295 p. ;
_c20 cm.
490 1 _aDestinolibro
_v57
650 4 _aNovela española
_91123
650 4 _aLiteratura española
_9632
830 0 _aDestinolibro ;
_v57
_98086
910 _aCatalogación derivada
999 _c7798
_d7798